Football Teams Takashi Inui Played For - Statistics

General Stats
  • This quiz has been taken 8 times
  • The average score is 7 of 10
Answer Stats
League Years Team % Correct
Japan 2008-2011 Cerezo Osaka
83%
Japan 2021-2022 Cerezo Osaka
83%
Germany 2012-2015 Eintracht Frankfurt
83%
Spain 2015-2018 SD Eibar
83%
Spain 2019-2021 SD Eibar
83%
Germany 2011-2012 VfL Bochum
83%
Japan 2007-2008 Yokohama F. Marinos
67%
Spain 2019 Deportivo Alavés
50%
Spain 2018-2019 Real Betis Balompié
50%
Japan 2022- Shimizu S-Pulse
50%
No matching quizzes found
Score Distribution
Percent of People with Each Score
Percentile by Number Answered
Your Score History
You have not taken this quiz